| 000 | 00369nam a22001217a 4500 | ||
|---|---|---|---|
| 008 | 230602b xxu||||| |||| 00| 0 eng d | ||
| 082 |
_a304.096762 _bKEN |
||
| 100 | _d2010 | ||
| 245 |
_aKenya Demographic and Health Survey 2008-09 _cKenya National Bureau of Statistcs |
||
| 260 |
_aKenya _bKenya National Bureau of Statistcs _cJune, 2010 |
||
| 300 | _a430 p | ||
| 942 |
_2ddc _cBK |
||
| 999 |
_c176 _d176 |
||